Bernardo Augusto Thiel

Zapisane w:
Opis bibliograficzny
1. autor: Sanabria, Victor Manuel
Format: Książka
Język:Undetermined
Wydane: San José, Costa Rica Editorial Costa Rica 1982
Wydanie:10
Hasła przedmiotowe:
Etykiety: Dodaj etykietę
Nie ma etykietki, Dołącz pierwszą etykiete!

MARC

LEADER 00000nam a2200000Ia 4500
008 170316s9999 xx 000 0 und d
090 |a 230 S-6b 
100 |a Sanabria, Victor Manuel 
245 |a Bernardo Augusto Thiel 
250 |a 10 
260 |a San José, Costa Rica 
260 |b Editorial Costa Rica 
260 |c 1982 
300 |a 812 páginas 
650 |a TEOLOGÍA 
999 |c 18086  |d 18086 
040 |a cru BVZT 
942 |c 15 D  |h 230 S-6b  |2 z